| 000 | 00329nam a2200121Ia 4500 | ||
|---|---|---|---|
| 008 | 210430s9999 xx 000 0 und d | ||
| 082 | _a955 p1521 p | ||
| 100 |
_aRafi Raza _953686 |
||
| 245 |
_aPakistan in Perspective 1947-1997 _cRafi Raza |
||
| 260 |
_aNew york _bWorldwide in oxford _c2001 |
||
| 300 | _a320p | ||
| 942 |
_cBK _2ddc |
||
| 999 |
_c563856 _d563856 |
||